Statistiques concernant Pays par salaire moyen (les plus élevés)

Cliquez ici pour prendre le quiz!

Statistiques générales

  • Ce quiz a été pris 720 fois
  • Le résultat moyen est 19 sur 30

Statistiques - réponses

Salaire en $Pays% Correct
3 479France
97%
4 176Etats-Unis
94%
6 894Suisse
93%
2 509Espagne
91%
3 667Allemagne
84%
2 820Italie
84%
4 247Canada
83%
3 187Royaume-Uni
83%
3 749Belgique
78%
3 989Japon
77%
1 715Portugal
73%
4 684Suède
73%
6 413Luxembourg
72%
8 238Norvège
71%
4 964Australie
68%
3 911Finlande
65%
4 020Pays-Bas
65%
4 980Danemark
62%
3 247Irlande
60%
4 013Autriche
56%
1 889Corée du Sud
51%
3 225Islande
48%
1 938Grèce
46%
3 934Singapour
37%
1 431Slovaquie
29%
1 510République Tchèque
28%
1 900Slovénie
28%
1 646Malte
26%
1 319Estonie
25%
2 166Chypre
17%

Distribution des résultats

Percentile par nombre de réponses

% des personnes avec chaque résultat

Votre développement - résultats

Vous n’avez pas pris ce quiz